Guess the 1960s song lyrics #187 - Statistics

General Stats
  • This quiz has been taken 20 times
  • The average score is 266 of 377
Answer Stats
Answer % Correct
a
100%
And
100%
and
100%
I
100%
little
94%
the
94%
you
94%
You
94%
baby
88%
hear
88%
it
88%
know
88%
my
88%
take
88%
Take
88%
to
88%
all
81%
be
81%
can
81%
heart
81%
now
81%
of
81%
on
81%
only
81%
piece
81%
that
81%
did
75%
were
75%
when
75%
woman
75%
come
69%
Didn't
69%
didn't
69%
feel
69%
if
69%
like
69%
me
69%
Oh
69%
oh
69%
another
63%
can't
63%
good
63%
got
63%
make
63%
man
63%
at
56%
But
56%
hold
56%
in
56%
want
56%
Yeah
56%
yeah
56%
your
56%
bit
50%
give
50%
have
50%
Have
50%
I've
50%
makes
50%
night
50%
tell
50%
time
50%
well
50%
Well
50%
You're
50%
ah
44%
Babe
44%
cry
44%
darling
44%
down
44%
each
44%
had
44%
I'll
44%
I'm
44%
need
44%
Never
44%
never
44%
out
44%
said
44%
arms
38%
Big Brother and the Holding Company
38%
enough
38%
gonna
38%
myself
38%
tough
38%
again
31%
ain't
31%
everything
31%
Honey
31%
once
31%
show
31%
sing
31%
streets
31%
yes
31%
break
25%
Break
25%
child
25%
deep
25%
indeed
25%
looking
25%
think
25%
guess
19%
pain
19%
possibly
19%
right
19%
stand
19%
hey
13%
nearly
13%
c'mon
6%
No matching quizzes found
Score Distribution
Percent of People with Each Score
Percentile by Number Answered
Your Score History
You have not taken this quiz